000 00693nam a2200289Ia 4500
005 20260324125151.0
008 008 260324s9999 xx 000 0 eng d
020 _a9780203880074
037 _aEBOOK
040 _aCRL
040 _beng
040 _cCRL
041 _2eng
041 _aeng
084 _qCRL
100 _aAiko Ikeo; Heinz D. Kurz
_91176952
245 2 _aA History of Economic Theory
245 0 _bEssays in honour of Takashi Negishi
260 _bTaylor and Francis
260 _c2009
365 _a
365 _b240
856 _uhttp://www.taylorfrancis.com/books/9780203880074
942 _cEBOOK
999 _c1771967
_d1771967